Čičmany

Zobrazenie:

Podrobná bibliografia
Ďalší autori: Čenková, Emília (Fotograf), Čeněk, Jaroslav (Fotograf)
Médium: Fotografia
Jazyk:slovenčina
Fyzický popis:1 pohľadnica (4 čiastkové pohľady) farebná 11 x 15 cm
Vydavateľské údaje: Bratislava ČSTK-Pressfoto 1989
Predmet:

MARC

LEADER 00000ckm a2200000 a 4500
001 vtls001204158
003 SK-MaSNL
005 20260331202759.0
007 kf co
008 180815s1989 xo g 0kuslo
015 |a SNBG1989 
035 |a SNK000147228 
040 |a SNK  |b slo  |c SNK  |e AACR2 
041 0 |a slo 
043 |a e-xo--- 
044 |a xo  |c SK 
072 7 |a 913  |x Regionálna geografia  |2 konspekt 
080 |a 913(437.6)  |2 2011 
080 |a 908(437.6)  |2 2011 
080 |a 904(084.121)  |2 2011 
080 |a 913.437.658(084.121)  |2 1981 
100 1 |a Čenková, Emília  |4 pht  |9 177114 
245 1 0 |a Čičmany  |h grafika  |c foto: E. Čeňková, J. Čeněk ; výtvarný návrh: Ľ. Rázusová 
246 1 |i Názov na obrazovej časti:  |a Čičmany 
260 |a Bratislava  |b ČSTK-Pressfoto  |c 1989  |e Skalica  |f Grafobal 
300 |a 1 pohľadnica (4 čiastkové pohľady)  |b farebná  |c 11 x 15 cm 
520 8 |a Zobrazenie: 
651 7 |a Čičmany (Slovensko)  |2 SNKPHgeo  |9 69879 
655 7 |a pohľadnice kultúrnych pamiatok  |2 SNKPH  |9 70523 
655 7 |a geografické pohľadnice  |2 SNKPH  |9 70522 
655 7 |a miestne pohľadnice  |2 SNKPH  |9 70510 
700 1 |a Čeněk, Jaroslav  |4 pht  |9 257934 
700 1 |a Rázusová, Ľubica  |c (grafička)  |4 art  |9 283298 
958 |a GBN 
958 |a GC 
958 |a OND 
999 |c 697339  |d 699269 
952 |a SNK  |b SNK  |y PREZ  |7 0  |p 17A1291364  |o snkSP 141090  |i snk1501/89  |0 0  |1 0  |4 0  |d 2021-11-18  |l 0  |r 2026-02-23 20:46:22  |w 2026-02-23 
952 |t P60, <04>, [BOOK], {604}  |a SNK  |b SNK  |y PREZ  |7 0  |p 17A0263447  |o snkSP 141090 D1  |i snk1502/89  |0 0  |1 0  |4 0  |d 2000-12-21  |l 0  |r 2005-01-01 00:00:00  |w 2026-02-23